01576nam a2200205 a 4500008004100000020001800041041000800059092001700067100002400084245008700108250004200195260003500237300001100272500008200283505075400365655002101119942001301140999001501153952020201168180918e2014 sp |||g||||| 001 1 spa d a9788498382808 aspa c808l74sRIO1 aRiordan, Rick94305 3aEl mar de los monstruos.bPercy Jackson y los dioses del Olimpo II /cRick Riordan a4a ed.bTraducción Santiago del Rey aBarcelona:bSalamandra;c2014. a253 p. aRiordan, R.(2014). El mar de los monstruos. (4a ed.). Barcelona : Salamandra. aDesde que sabe que es hijo de un dios y una mortal, Percy Jackson espera que el destino le depare continuas aventuras. Y su expectativa se cumplirá con creces. Aunque el nuevo curso en la escuela Meriwether transcurre con inusual normalidad, un simple partido de balón prisionero acaba en batalla campal contra una banda de feroces gigantes. A partir de ahí las cosas se precipitan: el perímetro mágico que protege el campamento mestizo es destruido por in misterioso enemigo y la única seguridad con que contaban los semidioses desaparece. Así, para impedir este daño irreversible, Percy y sus amigos inician la travesía del temible mar de los monstruos en busca de lo único que puede salvar el campamento: el Vellocino de oro.  aLiteratura92917 2ddccLIT c3254d3254 00102ddc4070aBFMbBFMcCRd2025-04-23eDonación Abril 2025. Chiara Montenegrol0o808 74 RIOp5011r2025-04-24tEj.1w2025-04-24yLITzDonación Abril 2025. Chiara Montenegro. Sede Tordos.f